| 000 | 00699nam a2200205 a 4500 | ||
|---|---|---|---|
| 001 | 000673656 | ||
| 003 | AM-YeHGA | ||
| 005 | 20250617142029.0 | ||
| 008 | 090710s1989 ||||| |||||||||||||rus|c | ||
| 020 | _a5274003753 | ||
| 040 | _aAM-YeHGA | ||
| 041 | 0 | _arus | |
| 245 | 0 | 0 |
_aЭрмитаж : _bИстория строительства и архитектура зданий / _cПод общ. ред. Б.Б. Пиотровского. |
| 246 | 3 | 1 | _aHermitage : History of Buildings Erection and Architecture |
| 260 |
_aМосква : _bСтройиздат, _c1989. |
||
| 300 | _a560 с. | ||
| 650 | 1 | 4 | _aНаука |
| 700 | 1 |
_aПиотровский, Б.Б. _eред. _4edt |
|
| 090 | _c251344 | ||
| 999 |
_c249748 _d249748 |
||